Muppet Christmas Carol Characters - Statistics

General Stats
  • This quiz has been taken 32 times
  • The average score is 8 of 12
Answer Stats
"Actor" Character % Correct
Michael Caine Ebenezer Scrooge
96%
Gonzo the Great Charles Dickens
85%
Robin the Frog Tiny Tim
78%
Kermit the Frog Bob Cratchit
70%
Statler Jacob Marley
70%
Rizzo the Rat Himself
67%
Miss Piggy Emily Cratchit
63%
Waldorf Robert Marley
63%
Steven Mackintosh Fred
52%
Fozzie Bear Mr. Fezziwig
44%
Sam the Eagle Schoolmaster
44%
Bean Bunny Boy
22%
No matching quizzes found
Score Distribution
Percent of People with Each Score
Percentile by Number Answered
Your Score History
You have not taken this quiz